STN EN 81-58: 2004 (27 4003) [neplatná], Bezpečnostné pravidlá na konštrukciu a montáž výťahov. Prehliadky a skúšky Časť 58 Skúšanie požiarnej odolnosti šachtových dverí

Norma je slovenskou verziou EN 81-58: 2003

Bibliographic Details
Other Authors: Lohyňa, Ján, Ing (Translator)
Format: Book
Language:Slovak
English
PhysicalDescription:29 strán obrázky 30 cm
Published: Bratislava Slovenský ústav technickej normalizácie 2004
Subjects:

MARC

LEADER 00000cam a2200000 i 4500
001 vtls009930667
003 SK-MaSNL
005 20260301212323.0
008 240130s2004 xo a fru 000 slo
035 |a (SVKBBclas03)vtls000207959 
040 |a SNK  |b slo  |c SNK  |e AACR2 
041 1 |a slo  |h eng 
044 |a xo  |c SK 
046 |a m  |m 20040701 (účin.)  |n 20191031 (zruš.) 
084 |a 91.140.90  |2 ICS 
130 0 |a STN 27 4003 (STN EN 81-58) [neplatná]  |9 597661 
245 1 0 |a STN EN 81-58: 2004 (27 4003) [neplatná], Bezpečnostné pravidlá na konštrukciu a montáž výťahov. Prehliadky a skúšky  |n Časť 58  |p Skúšanie požiarnej odolnosti šachtových dverí 
246 1 0 |a Bezpečnostné pravidlá na konštrukciu a montáž výťahov 
246 1 0 |a Prehliadky a skúšky 
246 1 0 |a Skúšanie požiarnej odolnosti šachtových dverí 
260 |a Bratislava  |b Slovenský ústav technickej normalizácie  |c 2004 
300 |a 29 strán  |b obrázky  |c 30 cm 
500 |a Spracovateľ: HABYTER Nitra, Ján Lohyňa 
500 |a Táto norma od 1.7.2004 nahrádza anglickú verziu STN EN 81-58 z januára 2004 v celom rozsahu 
500 |a Norma je nahradená anglickou verziou normy STN EN 81-58 zo septembra 2018, ktorú nahradila slovenská verzia normy STN EN 81-58 z februára 2019 v celom rozsahu. Norma STN EN 81-48 z júla 2004 sa môže súbežne z normou z februára 2019 používať do 31.10.2019 
520 8 |a Norma je slovenskou verziou EN 81-58: 2003 
540 |a STN vydané na akomkoľvek nosiči sa môžu rozmnožovať a rozširovať iba so súhlasom určenej právnickej osoby  |b SÚTN Bratislava  |c zákon 264/1999 Z. z. 
650 0 7 |a technické normy a štandardy  |z Slovensko  |2 SNKPH  |9 79594 
650 0 7 |a technické normy a štandardy  |z krajiny Európskej únie  |2 SNKPH  |9 289341 
655 7 |a normy  |2 SNKPH  |9 70643 
700 1 |a Lohyňa, Ján,  |c Ing.,  |4 trl  |9 597662 
710 2 |a HABYTER (Nitra, Slovensko)  |4 stn  |9 322229 
710 2 |a Slovenský ústav technickej normalizácie  |4 stn  |9 32706 
958 |a OP 
999 |c 917849  |d 919779 
952 |t P60, <03>, [BOOK], {603}  |a SNK  |b SNK  |y PREZ  |7 0  |p 17A0437162  |o snkSTN EN 81-58  |i snkN 2822/2004  |0 0  |1 0  |4 0  |d 2004-07-15  |l 0  |r 2005-01-02 00:00:00  |w 2026-02-24 
952 |t P66, <07>, [BOOK], {667}  |a SNK  |b SNK  |y PREZ  |7 0  |p 17A0437163  |o snkSTN EN 81-58 D1  |i snkN 2823/2004  |0 0  |1 0  |4 0  |d 2004-07-15  |l 0  |r 2005-01-02 00:00:00  |w 2026-02-24